• 首页
  • 本馆介绍
  • 公告通知
  • 最新文献
  • 馆藏检索
  • 电子资源
  • 读者导购
  • 参考咨询
  • 我的图书馆
  • 登录
  • 详细信息显示
  • 放入我的书架
  • 预约/预借图书
  • 作者相关作品
  • 分类相关作品
  • 丛书相关作品
  • 出版社相关作品

书目信息

  • 表格格式
  • 工作单格式
  • 卡片格式
题名:
工业分析与检测技术
    
 
作者: 王亚宇 主编
分册:  
出版信息: 北京   化学工业出版社  2013.10
页数: 218页
开本: 26cm
丛书名:
单 册:
中图分类: TQ014 , TQ075
科图分类:
主题词: 化学工业--工业分析--高等职业教育--教材 , 化工产品--质量检验--高等职业教育--教材 , 化学工业 , 工业分析 , 化工产品 , 质量检验
电子资源:
ISBN: 978-7-122-17949-4
000 01032nam0 2200325 450
001 012013157960
005 20140610085640.48
010    @a978-7-122-17949-4@dCNY32.00
100    @a20130914d2013 em y0chiy0110 ea
101 0  @achi
102    @aCN@b110000
105    @aak z 000yy
106    @ar
200 1  @a工业分析与检测技术@9gong ye fen xi yu jian ce ji shu@f王亚宇主编
210    @a北京@c化学工业出版社@d2013.10
215    @a218页@c图@d26cm
300    @a高职高专“十二五”规划教材
330    @a本书内容包括:水质分析、气体分析和工业废气的测定、煤和焦炭的分析、石油产品分析、工业酸碱分析、有机化工产品分析、硅酸盐分析、化学肥料分析。
333    @a高职
606 0  @a化学工业@x工业分析@x高等职业教育@j教材
606 0  @a化工产品@x质量检验@x高等职业教育@j教材
606 0  @a化学工业
606 0  @a工业分析
606 0  @a化工产品
606 0  @a质量检验
690    @aTQ014@v5
690    @aTQ075@v5
701  0 @a王亚宇@9wang ya yu@4主编
801  0 @aCN@b人天书店@c20130914
905    @b847153-55@dTQ014@e228@f3
    
    工业分析与检测技术/王亚宇主编.-北京:化学工业出版社,2013.10
    218页:图;26cm
    高职高专“十二五”规划教材.-使用对象:高职
    
    ISBN 978-7-122-17949-4:CNY32.00
    本书内容包括:水质分析、气体分析和工业废气的测定、煤和焦炭的分析、石油产品分析、工业酸碱分析、有机化工产品分析、硅酸盐分析、化学肥料分析。
●
相关链接 在E读中查询图书 在五车中查询图书 在当当中查询图书 在豆瓣中查询图书


正题名:工业分析与检测技术     索取号:TQ014/228         预约/预借

序号 登录号 条形码 馆藏地/架位号 状态 备注
1 847153   208471535   第二样本阅览室/ [索取号:TQ014/228] 在馆    
2 847154   208471544   密集书库-化学系/ [索取号:TQ014/228] 在馆    
3 847155   208471553   第三借阅区/ [索取号:TQ014/228] 在馆    
唐山师范学院图书馆 欢迎您!
大连网信软件有限公司© 版权所有